000 00365nam a2200145Ia 4500
008 240624s9999 xx 000 0 und d
041 _aeng
082 _a658.562 WAD
100 _aWADSWORTH HARRISON M
245 _aMODERN METHODS FOR QUALITY CONTROL AND I
250 _a(2nd ed.)
260 _c2004
_aSingapore
_bJohn Wiley
300 _axiii, : 683
365 _cRS
999 _c1392
_d1392